=LDR 00000nam 2200000 4500 =001 NUTBA000000000001184 =005 20140415141053.0 =006 =007 =008 =020 ##$$a 978-602-229-006-3 =035 ##$$a 0010-041400000000454 =040 ##$$a Ind =082 ##$$a 618.24 =090 ##$$a 618.24$bMar a =100 ##$$a Marmi =245 ##$$a Asuhan kebidanan pada masa antenatal$cMarmi =260 ##$$aYogyakarta$bPustaka pelajar$c2011. =300 ##$$a 345 Hlm$bIlus$c22 cm. =850 ##$$a NBPNMAT =990 ##$$a 21309142 =990 ##$$a 93959/BPAP-NTB/2014 =990 ##$$a 21400613/BPAP-NTB/20142014 =990 ##$$a 0001/BPAP-NTB/20142014 =990 ##$$a 0001/BPAP-NTB/20142014 =990 ##$$a 0001/BPAP-NTB/20142014